[Event "Hamburg Harburg-ch Gr.B 5th"]
[Site "Hamburg"]
[Date "2007.07.08"]
[Round "4.1"]
[White "Schmidt Brauns, Rainer"]
[Black "Nixdorf, Andre"]
[Result "1-0"]
[WhiteElo "2087"]
[BlackElo "2030"]
[PlyCount "70"]
[EventDate "2007.07.08"]

1. d4 Nf6 2. c4 g6 3. Nc3 d5 4. Nf3 Bg7 5. Qb3 dxc4 6. Qxc4 O-O 7. e4 Na6 8.
Be2 c5 9. d5 e6 10. O-O exd5 11. exd5 b6 12. Bg5 h6 13. Bh4 Nb4 14. Qb3 Bf5 15.
Rfc1 g5 16. Bg3 Ne4 17. Nxe4 Bxe4 18. d6 Nc6 19. Bb5 Bxf3 20. Qxf3 Nd4 21. Qd3
Nxb5 22. Qxb5 a6 23. Qb3 Rc8 24. Re1 Bf6 25. Re2 b5 26. Rae1 Qd7 27. Qd5 c4 28.
h3 Rc6 29. Re3 b4 30. Rf3 Bd8 31. Rc1 Bc7 32. Rxc4 Rxc4 33. Qxc4 Bxd6 34. Qd5
Rd8 35. Rd3 Bxg3 {ZUe} 1-0

[Event "Hamburg Harburg-ch Gr.B 5th"]
[Site "Hamburg"]
[Date "2007.07.08"]
[Round "4.2"]
[White "Schoengart, Ralf"]
[Black "Schiele, Lars"]
[Result "1-0"]
[WhiteElo "2128"]
[BlackElo "1958"]
[PlyCount "83"]
[EventDate "2007.07.08"]

1. d4 c5 2. e3 Nf6 3. Nf3 g6 4. Be2 Bg7 5. O-O O-O 6. Nc3 Qc7 7. Nb5 Qb6 8. a4
Nc6 9. a5 Nxa5 10. dxc5 Qd8 11. Bd2 Nc6 12. Bc3 b6 13. Nfd4 Bb7 14. Nxc6 dxc6
15. Qxd8 Rfxd8 16. Nxa7 bxc5 17. Bf3 Nd5 18. Bxg7 Kxg7 19. c3 Kf8 20. h4 Ke8
21. Ra5 Kd7 22. Rfa1 Kc7 23. Rxc5 Kb6 24. Rca5 Nc7 25. c4 Na6 26. Nxc6 Bxc6 27.
Bxc6 Kxc6 28. Rxa6+ Rxa6 29. Rxa6+ Kc5 30. Ra7 Rd1+ 31. Kh2 Kd6 32. b4 h5 33.
c5+ Ke6 34. b5 Rb1 35. b6 Rb4 36. Kg3 f6 37. Rc7 g5 38. b7 Kf5 39. Rxe7 gxh4+
40. Kh3 Kg5 41. c6 Rb1 42. Kh2 1-0

[Event "Hamburg Harburg-ch Gr.B 5th"]
[Site "Hamburg"]
[Date "2007.07.08"]
[Round "4.3"]
[White "Borgmeyer, Max"]
[Black "Sternberg, Lew"]
[Result "0-1"]
[WhiteElo "1999"]
[BlackElo "2057"]
[PlyCount "106"]
[EventDate "2007.07.08"]

1. e4 d6 2. d4 g6 3. Nc3 Bg7 4. Be3 f5 5. f3 fxe4 6. fxe4 Nf6 7. Nf3 Ng4 8. Bf4
c5 9. dxc5 Qa5 10. Qd2 O-O 11. Nd5 Qxc5 12. c3 Kh8 13. h3 Rxf4 14. Nxf4 Ne3 15.
Nd4 Qg5 16. Qxe3 e5 17. Nd5 Qxe3+ 18. Nxe3 exd4 19. cxd4 Bxd4 20. Nd5 Nc6 21.
O-O-O Be5 22. Bc4 Nd4 23. Kb1 b5 24. Nc7 bxc4 25. Nxa8 Bb7 26. Rhf1 Bxe4+ 27.
Kc1 Bxg2 28. Rf2 Bxh3 29. Nc7 Bg4 30. Re1 h5 31. Nd5 h4 32. Re4 Bh5 33. Rxh4
Bg3 34. Rxh5+ gxh5 35. Rf7 Kg8 36. Rxa7 h4 37. Nf6+ Kf8 38. Rh7 Nf3 39. a4 Ng5
40. Nd7+ Ke8 41. Nf6+ Kd8 42. Rh5 h3 43. Nh7 Nxh7 44. Rxh7 h2 45. Kc2 Be5 46.
b3 cxb3+ 47. Kxb3 Kc8 48. Kb4 Kb8 49. Kb5 Ka8 50. Ka6 Kb8 51. Rb7+ Kc8 52. Rb1
Bd4 53. a5 Bg1 0-1

[Event "Hamburg Harburg-ch Gr.B 5th"]
[Site "Hamburg"]
[Date "2007.07.08"]
[Round "5.1"]
[White "Sternberg, Lew"]
[Black "Schmidt Brauns, Rainer"]
[Result "1-0"]
[WhiteElo "2057"]
[BlackElo "2087"]
[PlyCount "43"]
[EventDate "2007.07.08"]

1. e4 c6 2. d3 d5 3. Bd2 g6 4. f4 Bg7 5. Nc3 h5 6. h3 e5 7. Qf3 Ne7 8. O-O-O d4
9. Nce2 c5 10. g4 hxg4 11. hxg4 Rxh1 12. Qxh1 Bxg4 13. Qh7 Kf8 14. fxe5 Ng8 15.
Bh3 Qd7 16. Rf1 Bxh3 17. Nxh3 Nc6 18. e6 Qxe6 19. Nef4 Qxa2 20. Nxg6+ Ke8 21.
Qxg8+ Kd7 22. Rxf7+ 1-0

[Event "Hamburg Harburg-ch Gr.B 5th"]
[Site "Hamburg"]
[Date "2007.07.08"]
[Round "5.2"]
[White "Schiele, Lars"]
[Black "Borgmeyer, Max"]
[Result "0-1"]
[WhiteElo "1958"]
[BlackElo "1999"]
[PlyCount "49"]
[EventDate "2007.07.08"]

1. e4 c5 2. Nf3 Nc6 3. d4 cxd4 4. Nxd4 Nf6 5. Nc3 e6 6. Bf4 Bc5 7. Ndb5 O-O 8.
Bd6 Qb6 9. Qf3 Bxd6 10. Nxd6 Nd4 11. Qg3 Nxc2+ 12. Kd1 Nxa1 13. e5 Ne8 14. Nxe8
Rxe8 15. Bd3 d5 16. Re1 Bd7 17. Re3 Qd4 18. Rf3 Rac8 19. Rf4 Qc5 20. Rg4 g6 21.
Bxg6 fxg6 22. Rxg6+ Kh8 23. Qg5 Qf8 24. Rf6 Qg7 25. Qh5 0-1

[Event "Hamburg Harburg-ch Gr.B 5th"]
[Site "Hamburg"]
[Date "2007.07.08"]
[Round "5.3"]
[White "Nixdorf, Andre"]
[Black "Schoengart, Ralf"]
[Result "1-0"]
[WhiteElo "2030"]
[BlackElo "2128"]
[PlyCount "63"]
[EventDate "2007.07.08"]

1. e4 c6 2. d4 d5 3. Nc3 dxe4 4. Nxe4 Nf6 5. Nxf6+ gxf6 6. Bc4 Bf5 7. c3 e6 8.
Qf3 Nd7 9. Ne2 Bd6 10. Ng3 Bg6 11. Ne4 Be7 12. O-O f5 13. Ng3 h5 14. Ne2 Nb6
15. Bd3 Nd5 16. c4 Nb4 17. a3 Nxd3 18. Qxd3 Bf6 19. Rd1 h4 20. Nf4 Bh7 21. Qf3
Qb6 22. Be3 Qb3 23. d5 cxd5 24. cxd5 Bxb2 25. Rab1 e5 26. Qe2 Qxa3 27. Qb5+ Kd8
28. Ne6+ Kc8 29. Rxb2 Qe7 30. Rc1+ Kb8 31. Rc7 a6 32. Qxb7# 1-0

[Event "Hamburg Harburg-ch Gr.C 5th"]
[Site "Hamburg"]
[Date "2007.07.08"]
[Round "4.1"]
[White "Ehrlich, Sven"]
[Black "Herlan, Klaus Juergen"]
[Result "1/2-1/2"]
[WhiteElo "2001"]
[BlackElo "1940"]
[PlyCount "32"]
[EventDate "2007.07.08"]

1. Nf3 c5 2. c4 g6 3. d4 Bg7 4. Nc3 cxd4 5. Nxd4 Nc6 6. e3 Nf6 7. Be2 O-O 8.
O-O a6 9. b3 Qa5 10. Bb2 Rd8 11. a3 e5 12. b4 Qc7 13. Nb3 Ne7 14. e4 d6 15. Qd3
Be6 16. Nd5 Bxd5 1/2-1/2

[Event "Hamburg Harburg-ch Gr.C 5th"]
[Site "Hamburg"]
[Date "2007.07.08"]
[Round "4.2"]
[White "Wegemund, Hubert"]
[Black "Richter, Ruediger"]
[Result "0-1"]
[WhiteElo "1891"]
[BlackElo "1846"]
[PlyCount "54"]
[EventDate "2007.07.08"]

1. e4 d5 2. exd5 Qxd5 3. Nc3 Qd6 4. d4 Nf6 5. Nge2 Bg4 6. f3 Bh5 7. Bf4 Qd7 8.
Ng3 Bg6 9. Bc4 a6 10. Nce4 Qc6 11. Qe2 Nbd7 12. Bb3 O-O-O 13. c4 e6 14. a3 h5
15. h4 Nxe4 16. Nxe4 Nf6 17. Nxf6 gxf6 18. Be3 Bd6 19. Kf2 Rhg8 20. Qd2 Qb6 21.
Qc3 Bf5 22. Rhd1 Bg3+ 23. Kf1 Qc6 24. Qa5 Bh3 25. d5 exd5 26. cxd5 Qe8 27. Bf2
Bxf2 0-1

[Event "Hamburg Harburg-ch Gr.C 5th"]
[Site "Hamburg"]
[Date "2007.07.08"]
[Round "5.2"]
[White "Richter, Ruediger"]
[Black "Schoettker, Jochen"]
[Result "1-0"]
[WhiteElo "1846"]
[BlackElo "1939"]
[PlyCount "47"]
[EventDate "2007.07.08"]

1. e4 e6 2. Nf3 d5 3. Nc3 Nf6 4. e5 Nfd7 5. d4 c5 6. dxc5 Bxc5 7. Bd3 Nc6 8.
Bf4 h6 9. a3 g5 10. Bg3 g4 11. Nh4 Ncxe5 12. O-O Be7 13. Bb5 Nc6 14. Nxd5 exd5
15. Nf5 Nf6 16. Nxe7 Qxe7 17. Bh4 Rg8 18. Qd4 Rg5 19. Bxg5 hxg5 20. f3 Kd8 21.
Bxc6 bxc6 22. fxg4 Nxg4 23. Rae1 Be6 24. h3 1-0

[Event "Hamburg Harburg-ch Gr.C 5th"]
[Site "Hamburg"]
[Date "2007.07.08"]
[Round "5.3"]
[White "Herlan, Klaus Juergen"]
[Black "Wegemund, Hubert"]
[Result "0-1"]
[WhiteElo "1940"]
[BlackElo "1891"]
[PlyCount "99"]
[EventDate "2007.07.08"]

1. e4 d6 2. d4 Nf6 3. Nc3 g6 4. f3 c6 5. Be3 b5 6. Qd2 Qa5 7. Nge2 Nbd7 8. Nc1
Qc7 9. Nd3 Nb6 10. b3 a5 11. a4 b4 12. Nd1 Nfd7 13. Rc1 Qb7 14. Be2 Bg7 15. O-O
e5 16. dxe5 dxe5 17. c4 Nf8 18. Nc5 Qe7 19. Nb2 Nbd7 20. Nbd3 Ne6 21. Nxe6 Qxe6
22. Rcd1 Qe7 23. f4 exf4 24. Nxf4 Nc5 25. Bf3 Nxb3 26. Qf2 Ba6 27. e5 Rc8 28.
e6 fxe6 29. Nxe6 Qxe6 30. Bg4 Rf8 31. Bxe6 Rxf2 32. Rxf2 Rc7 33. c5 Re7 34. Rd6
Nd4 35. Bxd4 Bxd4 36. Rxd4 Rxe6 37. h3 Re1+ 38. Kh2 b3 39. Rfd2 Ke7 40. Rd7+
Kf6 41. Rf2+ Kg5 42. Rd6 Rc1 43. h4+ Kxh4 44. Rdd2 Rxc5 45. Rf3 Bc4 46. Rc3 Kg5
47. Rb2 Kf4 48. Kg1 Ke4 49. Rbxb3 Kd4 50. Ra3 {...} 0-1

[Event "Hamburg Harburg-ch Gr.D 5th"]
[Site "Hamburg"]
[Date "2007.07.07"]
[Round "3.3"]
[White "Undritz, Bjoern"]
[Black "Ma, Beini"]
[Result "1-0"]
[WhiteElo "1765"]
[BlackElo "1994"]
[PlyCount "117"]
[EventDate "2007.07.08"]

1. d4 Nf6 2. g3 e6 3. Bg2 Be7 4. Nf3 O-O 5. c4 d5 6. O-O Nbd7 7. cxd5 exd5 8.
Nc3 c6 9. Re1 Re8 10. Bf4 Nf8 11. Qc2 Ne6 12. Bd2 Qb6 13. e3 Bd6 14. Rad1 Bd7
15. Bc1 Rac8 16. e4 dxe4 17. Nxe4 Nxe4 18. Rxe4 Nc7 19. Ng5 g6 20. Bh3 Bxh3 21.
Nxh3 Rxe4 22. Qxe4 Re8 23. Qh4 Be7 24. Bg5 Qb4 25. a3 Qd6 26. Bxe7 Qxe7 27.
Qxe7 Rxe7 28. Kf1 Nd5 29. Ng5 f6 30. Nf3 Kf7 31. Re1 Rd7 32. Re4 Nb6 33. Rh4 h5
34. b3 f5 35. Ne5+ Ke6 36. Nxd7 Nxd7 37. f3 Nf6 38. g4 fxg4 39. fxg4 Nxg4 40.
Ke2 Kf5 41. Kf3 Kg5 42. Rh3 Kf5 43. Rh4 Kg5 44. Kg3 Ne3 45. Re4 Nf5+ 46. Kf2
Kf6 47. Ke2 Nd6 48. Rf4+ Kg5 49. Rf8 Nb5 50. Kd3 Nxa3 51. Rb8 Kh4 52. Rxb7 Nb5
53. d5 Nd6 54. dxc6 Kh3 55. Rxa7 Kxh2 56. Rg7 h4 57. Rxg6 Nf7 58. Ke4 h3 59. c7
1-0

[Event "Hamburg Harburg-ch Gr.D 5th"]
[Site "Hamburg"]
[Date "2007.07.08"]
[Round "4.1"]
[White "Marx, Joschka"]
[Black "Ma, Beini"]
[Result "1-0"]
[WhiteElo "1873"]
[BlackElo "1994"]
[PlyCount "57"]
[EventDate "2007.07.08"]

1. e4 c5 2. Nf3 d6 3. d4 cxd4 4. Nxd4 Nf6 5. Nc3 a6 6. Be2 e5 7. Nb3 Be7 8. O-O
O-O 9. Bg5 Nbd7 10. a4 b6 11. Nd2 Bb7 12. f3 d5 13. exd5 Nxd5 14. Bxe7 Qxe7 15.
Nde4 Ne3 16. Qd2 Nxf1 17. Rxf1 Nc5 18. Qe3 Rac8 19. Kh1 Rfd8 20. Ng3 Qc7 21.
Qg5 Ne6 22. Qh4 Nf4 23. Nf5 Nxe2 24. Nxe2 Rd7 25. Qg4 g6 26. Neg3 Rcd8 27. Qg5
Kf8 28. Qf6 gxf5 29. Nxf5 1-0

[Event "Hamburg Harburg-ch Gr.D 5th"]
[Site "Hamburg"]
[Date "2007.07.08"]
[Round "4.3"]
[White "Voigt, Detlev"]
[Black "Hagenlueke, Thomas"]
[Result "1/2-1/2"]
[WhiteElo "1895"]
[BlackElo "1872"]
[PlyCount "27"]
[EventDate "2007.07.08"]

1. d4 Nf6 2. Nf3 e6 3. g3 Nc6 4. Bg2 Be7 5. O-O O-O 6. b3 d6 7. Bb2 Nd7 8. c4
f5 9. d5 exd5 10. Qxd5+ Kh8 11. e3 Nf6 12. Qd2 Ne4 13. Qc1 Bf6 14. Nc3 1/2-1/2

[Event "Hamburg Harburg-ch Gr.D 5th"]
[Site "Hamburg"]
[Date "2007.07.08"]
[Round "5.1"]
[White "Hagenlueke, Thomas"]
[Black "Marx, Joschka"]
[Result "1/2-1/2"]
[WhiteElo "1872"]
[BlackElo "1873"]
[PlyCount "70"]
[EventDate "2007.07.08"]

1. e4 c5 2. c3 e6 3. d4 cxd4 4. cxd4 d6 5. Nf3 Nf6 6. Bd3 Be7 7. O-O a6 8. Qe2
Nbd7 9. e5 dxe5 10. dxe5 Nd5 11. a3 b5 12. b4 Bb7 13. Bd2 Rc8 14. Ra2 N7b6 15.
Rc1 Rxc1+ 16. Bxc1 Qd7 17. Rc2 O-O 18. Ng5 g6 19. Ne4 Rc8 20. Nbc3 Nxc3 21.
Nxc3 Nd5 22. Nxd5 Qxd5 23. Rxc8+ Bxc8 24. Qe4 Bb7 25. Qxd5 Bxd5 26. f3 Kf8 27.
Kf2 Ke8 28. Ke3 Kd7 29. Be4 Kc6 30. Kd3 a5 31. Bd2 a4 32. Be3 f5 33. exf6 Bxf6
34. Bd4 e5 35. Be3 Kd6 1/2-1/2

[Event "Hamburg Harburg-ch Gr.D 5th"]
[Site "Hamburg"]
[Date "2007.07.08"]
[Round "5.3"]
[White "Ma, Beini"]
[Black "Lehmkuhl, Stefan"]
[Result "1/2-1/2"]
[WhiteElo "1994"]
[BlackElo "1998"]
[PlyCount "20"]
[EventDate "2007.07.08"]

1. e4 Nf6 2. e5 Nd5 3. d4 d6 4. c4 Nb6 5. exd6 cxd6 6. Nc3 g6 7. h3 Bg7 8. Nf3
O-O 9. Be3 Nc6 10. Qd2 e5 1/2-1/2

[Event "Hamburg Harburg-ch Gr.E 5th"]
[Site "Hamburg"]
[Date "2007.07.08"]
[Round "4.1"]
[White "Schwarzat, Julian"]
[Black "Pfeiffer, Daniel"]
[Result "1/2-1/2"]
[WhiteElo "1914"]
[BlackElo "1726"]
[PlyCount "29"]
[EventDate "2007.07.08"]

1. e4 c5 2. Nf3 d6 3. d4 cxd4 4. Nxd4 Nf6 5. Nc3 a6 6. f3 e5 7. Nb3 Be6 8. Be3
Nbd7 9. Qd2 b5 10. Qf2 Rb8 11. O-O-O Nb6 12. Bxb6 Qxb6 13. Qxb6 Rxb6 14. Be2
Be7 15. Rhe1 1/2-1/2

[Event "Hamburg Harburg-ch Gr.E 5th"]
[Site "Hamburg"]
[Date "2007.07.08"]
[Round "4.2"]
[White "Lochmann, Viktor"]
[Black "Willner, Thomas"]
[Result "0-1"]
[WhiteElo "1924"]
[BlackElo "1807"]
[PlyCount "58"]
[EventDate "2007.07.08"]

1. e4 e5 2. Nf3 Nc6 3. Bc4 Nf6 4. Ng5 d5 5. exd5 Nxd5 6. Nxf7 Kxf7 7. Qf3+ Ke6
8. Nc3 Ncb4 9. Bb3 c6 10. O-O Qf6 11. Qe2 Kd7 12. Ne4 Qg6 13. c3 Nf4 14. Qf3
Nbd5 15. g3 Kc7 16. h4 Bg4 17. Qh1 Bf5 18. Ng5 Ne2+ 19. Kh2 h6 20. d4 Nxc1 21.
Raxc1 hxg5 22. Rce1 e4 23. Bxd5 cxd5 24. Re3 Bd6 25. Kg1 gxh4 26. Qg2 hxg3 27.
Rxg3 Bxg3 28. Qxg3+ Qxg3+ 29. fxg3 Raf8 0-1

[Event "Hamburg Harburg-ch Gr.E 5th"]
[Site "Hamburg"]
[Date "2007.07.08"]
[Round "4.3"]
[White "Gramenz, Jens"]
[Black "Wilms, Robert"]
[Result "1/2-1/2"]
[WhiteElo "1877"]
[BlackElo "1808"]
[PlyCount "58"]
[EventDate "2007.07.08"]

1. e4 e6 2. d4 d5 3. Nc3 Bb4 4. e5 c5 5. Bd2 Bxc3 6. bxc3 Ne7 7. Nf3 c4 8. g3
h6 9. Bh3 Nd7 10. O-O Nf8 11. Nh4 Bd7 12. Rb1 Qc7 13. Bc1 g5 14. Ng2 Nfg6 15.
f4 O-O-O 16. Ba3 Rdg8 17. fxg5 Be8 18. Qc1 hxg5 19. Bg4 Nc6 20. Ne3 Qd7 21. Bd6
Nge7 22. Qa3 Rg7 23. Qc5 Rgh7 24. Rf2 b6 25. Qb5 Qb7 26. Qb2 Bd7 27. a4 Ng8 28.
Be2 Nh6 29. Ng4 Nxg4 1/2-1/2

[Event "Hamburg Harburg-ch Gr.E 5th"]
[Site "Hamburg"]
[Date "2007.07.08"]
[Round "5.1"]
[White "Wilms, Robert"]
[Black "Schwarzat, Julian"]
[Result "1/2-1/2"]
[WhiteElo "1808"]
[BlackElo "1914"]
[PlyCount "22"]
[EventDate "2007.07.08"]

1. e4 e6 2. d4 d5 3. e5 c5 4. c3 Nc6 5. Nf3 Qb6 6. Bd3 Bd7 7. O-O cxd4 8. cxd4
Nxd4 9. Nxd4 Qxd4 10. Nc3 Qb6 11. Qe2 Ne7 1/2-1/2

[Event "Hamburg Harburg-ch Gr.E 5th"]
[Site "Hamburg"]
[Date "2007.07.08"]
[Round "5.2"]
[White "Willner, Thomas"]
[Black "Gramenz, Jens"]
[Result "1/2-1/2"]
[WhiteElo "1807"]
[BlackElo "1877"]
[PlyCount "186"]
[EventDate "2007.07.08"]

1. e4 c5 2. Nf3 Nc6 3. d4 cxd4 4. Nxd4 g6 5. c4 Bg7 6. Be3 d6 7. Nc3 Nf6 8. Be2
Bd7 9. Rc1 O-O 10. O-O Ne8 11. Qd2 Nc7 12. Nc2 Ne5 13. Bh6 Rb8 14. Bxg7 Kxg7
15. b3 b5 16. cxb5 Nxb5 17. Nxb5 Bxb5 18. Bxb5 Rxb5 19. Qd4 Qb6 20. f4 Qxd4+
21. Nxd4 Rb4 22. Nc2 Rxe4 23. fxe5 Rxe5 24. Nd4 Re4 25. Nf3 a5 26. Rc7 a4 27.
bxa4 Rxa4 28. Rxe7 h6 29. Rd7 Rxa2 30. Rxd6 Re8 31. Rd7 Rae2 32. Nd4 R2e7 33.
Rd6 Re1 34. Kf2 Rxf1+ 35. Kxf1 Re7 36. Nc6 Rb7 37. Nd8 Ra7 38. Rb6 Ra1+ 39. Kf2
Ra2+ 40. Kf3 Ra3+ 41. Ke4 Ra2 42. Kf3 Ra3+ 43. Kf4 g5+ 44. Kg4 Ra4+ 45. Kh3
Ra3+ 46. g3 Rd3 47. Nxf7 Kxf7 48. Rxh6 Kg7 49. Rc6 Rd4 50. Rc2 Kg6 51. Kg2 Rd3
52. h3 Rb3 53. Kf2 Ra3 54. Re2 Kf5 55. Re3 Ra2+ 56. Kf3 Ra4 57. Rb3 Rc4 58.
Rb5+ Kf6 59. Rb3 Kf5 60. Rd3 Rb4 61. Rd5+ Kf6 62. Ke3 Rb3+ 63. Rd3 Rb4 64. Rc3
Ke5 65. Rc5+ Kf6 66. Kd3 Ra4 67. Rc3 Rb4 68. Ke3 Ke5 69. Rc5+ Kf6 70. Rd5 Rb3+
71. Kf2 Rb2+ 72. Kf3 Rb4 73. Rd8 Kf5 74. Rf8+ Kg6 75. Re8 Kf5 76. g4+ Kf6 77.
Rf8+ Kg6 78. Re8 Rb3+ 79. Re3 Rb4 80. Rd3 Ra4 81. Ke3 Rb4 82. Rd6+ Kf7 83. Rd4
Rb3+ 84. Ke4 Rxh3 85. Kf5 Rb3 86. Rd7+ Ke8 87. Rd5 Rb7 88. Kg6 Kf8 89. Rd8+ Ke7
90. Rh8 Rb5 91. Rh5 Kf8 92. Rxg5 Rxg5+ 93. Kxg5 Kg7 1/2-1/2

[Event "Hamburg Harburg-ch Gr.E 5th"]
[Site "Hamburg"]
[Date "2007.07.08"]
[Round "5.3"]
[White "Pfeiffer, Daniel"]
[Black "Lochmann, Viktor"]
[Result "0-1"]
[WhiteElo "1726"]
[BlackElo "1924"]
[PlyCount "110"]
[EventDate "2007.07.08"]

1. e4 c6 2. d4 d5 3. Nd2 dxe4 4. Nxe4 Bf5 5. Ng3 Bg6 6. Nf3 e6 7. h4 h6 8. h5
Bh7 9. Bd3 Bxd3 10. Qxd3 Qa5+ 11. Bd2 Qa6 12. Ne5 Nf6 13. Ne4 Nxe4 14. Qxe4 Qb5
15. O-O-O Qd5 16. Qxd5 cxd5 17. Rh3 Bd6 18. Rb3 b6 19. Rf3 O-O 20. g4 f6 21.
Ng6 Re8 22. Re1 Nc6 23. Bc3 b5 24. b3 a5 25. Rfe3 Kf7 26. f4 Ba3+ 27. Kb1 Bd6
28. f5 exf5 29. Rxe8 Rxe8 30. Rxe8 Kxe8 31. gxf5 b4 32. Bb2 Bg3 33. c4 bxc3 34.
Bxc3 Bf2 35. Kc2 Bxd4 36. Kd3 Be5 37. a3 Bd6 38. b4 axb4 39. axb4 Kd7 40. b5
Na7 41. b6 Nb5 42. Bd4 Nxd4 43. Kxd4 Kc6 44. b7 Bc5+ 45. Kd3 Kxb7 46. Nf4 Kc6
47. Ne6 Kd6 48. Nxg7 Ke5 49. Ke2 Ke4 50. Kd2 Bf8 51. Ne6 Bb4+ 52. Ke2 Kxf5 53.
Ng7+ Kg4 54. Kd3 Bc5 55. Ke2 f5 0-1

[Event "Hamburg Harburg-ch Gr.F 5th"]
[Site "Hamburg"]
[Date "2007.07.08"]
[Round "4.1"]
[White "Draeger, Klaus"]
[Black "Raedisch, Peter"]
[Result "0-1"]
[WhiteElo "1852"]
[BlackElo "1773"]
[PlyCount "78"]
[EventDate "2007.07.08"]

1. e4 e5 2. d4 exd4 3. c3 dxc3 4. Bc4 Nc6 5. Nxc3 Bb4 6. Qf3 Qf6 7. Bd2 Ne5 8.
Qe2 c6 9. Bb3 d6 10. O-O-O Be6 11. Bxe6 Qxe6 12. f4 Nd7 13. f5 Qe7 14. Qc4 a5
15. Nf3 Ne5 16. Nxe5 dxe5 17. Be3 Nf6 18. h3 O-O 19. g4 Rfd8 20. g5 Ne8 21. g6
h6 22. Rdg1 Rd7 23. Na4 Rad8 24. Rh2 b5 25. gxf7+ Qxf7 26. Qxf7+ Kxf7 27. Nc5
Bxc5 28. Bxc5 Nf6 29. Rhg2 Kg8 30. Rg6 Kh7 31. Bb6 Ra8 32. Be3 Rf8 33. Bd2 b4
34. Be3 Rff7 35. Bb6 a4 36. b3 axb3 37. axb3 Rd3 38. Kc2 Rxh3 39. Bc5 Rc3+ 0-1

[Event "Hamburg Harburg-ch Gr.F 5th"]
[Site "Hamburg"]
[Date "2007.07.08"]
[Round "5.1"]
[White "Kohlscheen, Jens"]
[Black "Draeger, Klaus"]
[Result "1/2-1/2"]
[WhiteElo "1676"]
[BlackElo "1852"]
[PlyCount "56"]
[EventDate "2007.07.08"]

1. d4 Nf6 2. c4 c5 3. d5 b5 4. cxb5 a6 5. bxa6 Bxa6 6. g3 d6 7. Bg2 g6 8. Nf3
Bg7 9. O-O O-O 10. Nc3 Nbd7 11. Re1 Qa5 12. Nd2 Rfb8 13. Qc2 Ng4 14. Nb3 Qc7
15. h3 Nge5 16. Nd2 Nc4 17. Nxc4 Bxc4 18. Bf4 Qa5 19. Bd2 Ra7 20. f4 Rab7 21.
b3 Ba6 22. Rab1 Qa3 23. e4 Bd4+ 24. Kh2 c4 25. bxc4 Bxc4 26. Rxb7 Rxb7 27. Nb1
Qxa2 28. Qxa2 Bxa2 1/2-1/2

[Event "Hamburg Harburg-ch Gr.G 5th"]
[Site "Hamburg"]
[Date "2007.07.08"]
[Round "4.1"]
[White "Dinse, Michael"]
[Black "Kunze, Sebastian"]
[Result "1/2-1/2"]
[WhiteElo "1624"]
[BlackElo "1817"]
[PlyCount "103"]
[EventDate "2007.07.08"]

1. d4 d5 2. c4 e6 3. Nc3 Nf6 4. Bg5 Be7 5. e3 O-O 6. Nf3 b6 7. Bxf6 Bxf6 8.
cxd5 exd5 9. Qc2 Bb7 10. Bd3 g6 11. h4 c5 12. h5 Qe7 13. O-O-O Nd7 14. hxg6
fxg6 15. dxc5 Rfc8 16. Bxg6 hxg6 17. Qxg6+ Qg7 18. Qxg7+ Kxg7 19. Nxd5 Rxc5+
20. Nc3 Nf8 21. Nd4 Bxg2 22. Rdg1 Rg5 23. Rh2 Bb7 24. Rxg5+ Bxg5 25. Ndb5 Ne6
26. Nd6 Bc6 27. Nde4 Be7 28. a3 Rc8 29. Ng3 Kg6 30. Nge2 Bf3 31. Kb1 Bf6 32.
Rh3 Ng5 33. Rg3 Bxc3 34. Nxc3 Rh8 35. Nb5 a6 36. Nd4 Rf8 37. Nxf3 Rxf3 38. Rxf3
Nxf3 39. Kc2 Kf5 40. Kc3 Ke4 41. Kb4 Ne5 42. f4 Ng4 43. a4 Nxe3 44. a5 Nd5+ 45.
Kc4 bxa5 46. Kc5 a4 47. f5 Ke5 48. f6 Nxf6 49. Kb4 Kd5 50. Kxa4 Kc6 51. Ka5 Kb7
52. b4 1/2-1/2

[Event "Hamburg Harburg-ch Gr.G 5th"]
[Site "Hamburg"]
[Date "2007.07.08"]
[Round "4.2"]
[White "Juergens, Florian"]
[Black "Buetow, Ingo"]
[Result "1-0"]
[WhiteElo "1854"]
[BlackElo "1700"]
[PlyCount "61"]
[EventDate "2007.07.08"]

1. e4 d5 2. exd5 Qxd5 3. Nc3 Qd6 4. Bc4 Nf6 5. Nge2 c6 6. d4 Bf5 7. a3 e6 8.
Bf4 Qd8 9. Qd2 Bd6 10. O-O-O Qc7 11. f3 h6 12. g4 Bh7 13. h4 Nd5 14. Bxd6 Qxd6
15. Ne4 Bxe4 16. fxe4 Nb6 17. Bd3 N8d7 18. Rdf1 c5 19. c3 cxd4 20. Nxd4 a6 21.
Qf2 Ne5 22. Bc2 Nbc4 23. Ba4+ b5 24. Bc2 O-O-O 25. Rd1 Nxb2 26. Nxb5 Qxd1+ 27.
Rxd1 Rxd1+ 28. Kxb2 Nc4+ 29. Ka2 axb5 30. Bxd1 Rd8 31. Qc5+ 1-0

[Event "Hamburg Harburg-ch Gr.G 5th"]
[Site "Hamburg"]
[Date "2007.07.08"]
[Round "4.3"]
[White "Benthin, Thomas"]
[Black "Bode, Heinrich"]
[Result "1-0"]
[WhiteElo "1608"]
[BlackElo "1644"]
[PlyCount "41"]
[EventDate "2007.07.08"]

1. e4 e6 2. d4 d5 3. exd5 exd5 4. Bd3 Bd6 5. Nc3 Nf6 6. Nge2 Nc6 7. Bg5 Be6 8.
O-O h6 9. Bxf6 Qxf6 10. Nb5 O-O-O 11. Nxd6+ Rxd6 12. c3 Bg4 13. b4 Re8 14. b5
Nd8 15. Re1 Ne6 16. Qa4 Kb8 17. b6 Nxd4 18. bxc7+ Kxc7 19. Qxe8 Nf3+ 20. gxf3
Qxf3 21. Qe3 1-0

[Event "Hamburg Harburg-ch Gr.G 5th"]
[Site "Hamburg"]
[Date "2007.07.08"]
[Round "5.2"]
[White "Buetow, Ingo"]
[Black "Benthin, Thomas"]
[Result "1-0"]
[WhiteElo "1700"]
[BlackElo "1608"]
[PlyCount "75"]
[EventDate "2007.07.08"]

1. c4 c6 2. d4 d5 3. Nc3 dxc4 4. a4 e5 5. dxe5 Qxd1+ 6. Kxd1 Be6 7. e4 Nd7 8.
f4 O-O-O 9. Kc2 f5 10. Nf3 h6 11. Nd4 Nc5 12. Nxe6 Nxe6 13. Bxc4 Nd4+ 14. Kb1
Ne7 15. Be3 fxe4 16. Nxe4 Nef5 17. Bf2 Bb4 18. g4 Ne7 19. Rd1 Nf3 20. Kc2 Nxh2
21. Rh1 Nxg4 22. Be6+ Kb8 23. Bxg4 Nd5 24. f5 Rhe8 25. Kb3 Ka8 26. e6 Be7 27.
Rad1 Nb4 28. Rxd8+ Rxd8 29. Rd1 Nd3 30. Bg3 Rd4 31. Bf3 Rxe4 32. Bxe4 Nc5+ 33.
Kc2 Nxe4 34. Rd7 Nxg3 35. Rxe7 Kb8 36. Rf7 Ne4 37. e7 Nd6 38. Rf8+ 1-0

[Event "Hamburg Harburg-ch Gr.G 5th"]
[Site "Hamburg"]
[Date "2007.07.08"]
[Round "5.3"]
[White "Kunze, Sebastian"]
[Black "Juergens, Florian"]
[Result "1/2-1/2"]
[WhiteElo "1817"]
[BlackElo "1854"]
[PlyCount "100"]
[EventDate "2007.07.08"]

1. d4 d5 2. Nf3 Nf6 3. g3 Bf5 4. Bg2 e6 5. c4 c6 6. b3 Nbd7 7. Nbd2 Be7 8. O-O
O-O 9. Nh4 Bg6 10. Nxg6 fxg6 11. Bb2 Nb6 12. Bh3 Qd7 13. c5 Nc8 14. Nf3 Bd8 15.
Ne5 Qe7 16. Qd3 Nd7 17. Nxd7 Qxd7 18. Rae1 Re8 19. e4 Qf7 20. Re2 Kh8 21. Rfe1
Rf8 22. f4 Ba5 23. Rf1 Ne7 24. a3 a6 25. b4 Bc7 26. a4 Rae8 27. Bc3 Ng8 28. Ra1
Nf6 29. e5 Ng8 30. Rea2 Ra8 31. b5 Qd7 32. bxc6 Qxc6 33. a5 Rab8 34. Rb1 Rf7
35. Rb3 Bd8 36. Rab2 Nh6 37. Rb6 Bxb6 38. Rxb6 Qe8 39. Bxe6 Rc7 40. Bxd5 Nf5
41. Bb3 Rd8 42. g4 Ne7 43. Qe4 Qd7 44. Rd6 Qxg4+ 45. Kh1 Rf8 46. Bd2 Nf5 47.
Rb6 Qh3 48. Kg1 Qg4+ 49. Kh1 Qh3 50. Kg1 Qg4+ 1/2-1/2

[Event "Hamburg Harburg-ch Gr.H 5th"]
[Site "Hamburg"]
[Date "2007.07.08"]
[Round "4.1"]
[White "Mueller, Bodo"]
[Black "Klawitter, Bernd"]
[Result "1/2-1/2"]
[WhiteElo "1498"]
[BlackElo "1513"]
[PlyCount "91"]
[EventDate "2007.07.08"]

1. e4 d5 2. exd5 Qxd5 3. Nc3 Qd6 4. Nf3 Nf6 5. d4 a6 6. Bc4 b5 7. Bb3 Bb7 8.
O-O e6 9. Be3 Be7 10. Qe2 O-O 11. a4 b4 12. Na2 a5 13. c3 Ba6 14. c4 Nbd7 15.
Rfd1 c5 16. Qc2 Qc7 17. Rac1 Bb7 18. d5 Ng4 19. Qd3 Nde5 20. Nxe5 Qxe5 21. g3
Nxe3 22. Qxe3 Qxe3 23. fxe3 Bg5 24. Kf2 exd5 25. cxd5 Rfe8 26. Re1 Rac8 27. Bc4
Re5 28. Rcd1 Rce8 29. Rd3 Re4 30. b3 Bc8 31. h4 Bf6 32. d6 Bd7 33. Nc1 Rd8 34.
Ne2 Bf5 35. Rd5 Be6 36. Rxc5 Bxc4 37. bxc4 Rxd6 38. Rxa5 Rxc4 39. Rb5 g6 40.
Rb1 Bc3 41. a5 Rd2 42. a6 Ra2 43. Rb6 Rc8 44. Kf3 Ra8 45. Nxc3 bxc3 46. Rc1
1/2-1/2